000 00412nam a2200181Ia 4500
005 20250603145741.0
008 250603s9999 xx 000 0 und d
020 _a978-1-85326-047-6
050 _aPR 6023 .A93 S6/
100 _aLawrence, D.H.
245 0 _aSons and lovers
260 _aLondon
260 _bWordsworth Classics
260 _c1993
300 _a372 p
650 _aLondon
942 _cBK
999 _c42744
_d42744